[Event "NCL978 Barbican-SW Dragons"]
[Site "Rd10"]
[Date "1998.05.24"]
[Round "10.5"]
[White "Pritchett, Craig"]
[Black "Morris, Charles"]
[Result "1-0"]
[WhiteElo "2315"]
[BlackElo "2245"]
[PlyCount "43"]
[EventDate "1998.05.24"]

1. Nf3 d5 2. d4 e6 3. c4 c5 4. cxd5 exd5 5. g3 Nc6 6. Bg2 Nf6 7. O-O Be7 8.
dxc5 Bxc5 9. Nbd2 Bb6 10. Nb3 Ne4 11. Nbd4 O-O 12. Be3 Re8 13. Rc1 Ne5 14. Nxe5
Rxe5 15. Qd3 Bd7 16. Nf3 Rh5 17. Rfd1 Qf6 18. Bxb6 Qxb6 19. Qd4 Qa6 20. Ne5 Nf6
21. Nxd7 Nxd7 22. Qg4 1-0

[Event "NCL978 Barbican-SW Dragons"]
[Site "Rd10"]
[Date "1998.05.24"]
[Round "10.6"]
[White "James, David J"]
[Black "Plueg, Andreas"]
[Result "0-1"]
[WhiteElo "2255"]
[BlackElo "2375"]
[PlyCount "84"]
[EventDate "1998.05.24"]

1. d4 Nf6 2. c4 c5 3. d5 e5 4. Nc3 d6 5. e4 g6 6. g3 Bg7 7. Bg2 O-O 8. Nge2 a6
9. O-O Nbd7 10. f4 exf4 11. gxf4 b5 12. Ng3 Rb8 13. h3 Re8 14. Re1 h5 15. e5
dxe5 16. f5 h4 17. Nge4 gxf5 18. Nd6 b4 19. Nb1 f4 20. Nxe8 Nxe8 21. Nd2 Rb6
22. Kh1 Rg6 23. Rg1 Ndf6 24. a3 b3 25. Qxb3 Bf5 26. Nf1 Nh5 27. Bd2 Nd6 28. Re1
Ng3+ 29. Kh2 Qg5 30. Qf3 Nxc4 31. Bc1 Nd6 32. b4 cxb4 33. axb4 Kh7 34. Bd2 Bd7
35. Rc1 Bh6 36. Rc7 Qf5 37. Qf2 Nde4 38. Qa7 Nf6 39. Qf2 Nfe4 40. Qa7 Nf6 41.
Qf2 e4 42. Bc3 f3 0-1

[Event "NCL978 Barbican-SW Dragons"]
[Site "Rd10"]
[Date "1998.05.24"]
[Round "10.7"]
[White "Duncan, Chris"]
[Black "Saunders, John"]
[Result "1-0"]
[WhiteElo "2290"]
[BlackElo "2225"]
[PlyCount "67"]
[EventDate "1998.05.24"]

1. e4 c6 2. d4 d5 3. Nd2 dxe4 4. Nxe4 Nd7 5. Bc4 Ngf6 6. Nxf6+ Nxf6 7. c3 Qc7
8. Qe2 Bg4 9. f3 Bf5 10. g4 Bg6 11. f4 Be4 12. Nf3 Bd5 13. Bxd5 Nxd5 14. Ne5 e6
15. Be3 Bd6 16. c4 Nxe3 {(Draw offer)} 17. Qxe3 Qa5+ 18. Ke2 Bxe5 19. dxe5
O-O-O 20. a3 Rd7 21. Rhd1 Rhd8 22. b4 Qa4 23. Rxd7 Rxd7 24. Rc1 b6 25. h4 c5
26. b5 Rd4 27. Qf3 Kd8 28. f5 exf5 29. gxf5 Qa5 30. Qa8+ Ke7 31. Qb7+ Rd7 32.
f6+ gxf6 33. exf6+ Ke8 34. Qb8+ 1-0

[Event "NCL978 Barbican-SW Dragons"]
[Site "Rd10"]
[Date "1998.05.24"]
[Round "10.8"]
[White "Cast, Abigail"]
[Black "Lauterbach, Ingrid"]
[Result "0-1"]
[WhiteElo "2120"]
[BlackElo "2160"]
[PlyCount "74"]
[EventDate "1998.05.24"]

1. d4 d6 2. c4 e5 3. e3 Nd7 4. Nc3 g6 5. Nge2 Bg7 6. g3 f5 7. Bg2 Ngf6 8. Qb3
c6 9. d5 Nc5 10. Qc2 e4 11. O-O cxd5 12. cxd5 Bd7 13. f3 Rc8 14. Qb1 exf3 15.
Bxf3 Qe7 16. Bg2 Ng4 17. e4 O-O 18. h3 Nf6 19. Bg5 Ncxe4 20. Nxe4 fxe4 21. Nc3
Qe5 22. Bxf6 Rxf6 23. Nxe4 Rxf1+ 24. Qxf1 Rf8 25. Qd3 Bf5 26. g4 Qxb2 27. Rd1
Bxe4 28. Qxe4 Be5 29. Rf1 Rxf1+ 30. Kxf1 Qxa2 31. Qd3 Qa1+ 32. Ke2 Qb2+ 33. Kf1
Bd4 34. Qf3 Qc1+ 35. Ke2 b5 36. Qe4 Qb2+ 37. Kf1 Qf2# 0-1

[Event "NCL978 BCM-Midland Ms"]
[Site "Rd10"]
[Date "1998.05.24"]
[Round "10.1"]
[White "Rogers, Ian"]
[Black "Parker, Jonathan"]
[Result "1-0"]
[WhiteElo "2570"]
[BlackElo "2515"]
[PlyCount "59"]
[EventDate "1998.05.24"]

1. e4 e5 2. Bc4 Nf6 3. d3 Nc6 4. Nc3 Bb4 5. Nge2 d5 6. exd5 Nxd5 7. O-O Be6 8.
Bb3 O-O 9. Kh1 Re8 10. f4 Bxc3 11. bxc3 f6 12. Bd2 Kh8 13. f5 Bg8 14. Ng3 a5
15. Qg4 a4 16. Bxa4 Ndb4 17. Nh5 Re7 18. Bxc6 Nxc6 19. Rf3 b5 20. Rh3 Ra4 21.
d4 b4 22. cxb4 Qxd4 23. Qd1 Rxa2 24. Rxa2 Bxa2 25. b5 Na7 26. Rd3 Qa4 27. Rd8+
Bg8 28. Be3 Qa2 29. Ra8 Qf7 30. Rxa7 1-0

[Event "NCL978 BCM-Midland Ms"]
[Site "Rd10"]
[Date "1998.05.24"]
[Round "10.2"]
[White "Hebden, Mark"]
[Black "Chandler, Murray"]
[Result "1-0"]
[WhiteElo "2585"]
[BlackElo "2555"]
[PlyCount "78"]
[EventDate "1998.05.24"]

1. d4 d5 2. c4 e6 3. Nf3 c5 4. e3 Nf6 5. cxd5 exd5 6. Bb5+ Nc6 7. O-O Bd6 8.
Qc2 Qb6 9. dxc5 Bxh2+ 10. Nxh2 Qxb5 11. Na3 Qb4 12. Bd2 Qe4 13. Bc3 Qxc2 14.
Nxc2 Ne4 15. Bd4 Nxd4 16. exd4 a5 17. f3 Nf6 18. Rfe1+ Be6 19. a3 a4 20. Nb4 h5
21. Re5 O-O-O 22. Rae1 Ng8 23. f4 Ne7 24. Nf3 h4 25. Ng5 Ng6 26. R5e3 Rd7 27.
f5 Bxf5 28. Rf1 Be6 29. Nxe6 Re8 30. Nxd5 Rxd5 31. Nc7 Rxe3 32. Nxd5 Rb3 33.
Rxf7 h3 34. Rxg7 Nh4 35. Nb6+ Kd8 36. d5 hxg2 37. Rg8+ Ke7 38. d6+ Kf7 39. Rg4
Rh3 {time} 1-0

[Event "NCL978 BCM-Midland Ms"]
[Site "Rd10"]
[Date "1998.05.24"]
[Round "10.3"]
[White "Mestel, Jonathan"]
[Black "Webster, Andrew"]
[Result "1-0"]
[WhiteElo "2480"]
[BlackElo "2420"]
[PlyCount "109"]
[EventDate "1998.05.24"]

1. e4 g6 2. d4 Bg7 3. Nc3 c6 4. f4 d5 5. e5 h5 6. Be3 Nh6 7. Nf3 Bg4 8. Be2 e6
9. Bf2 Nf5 10. Qd2 Bf8 11. a3 Bxf3 12. Bxf3 Nh4 13. Qd3 Nd7 14. g3 Nxf3+ 15.
Qxf3 b5 16. O-O Nb6 17. b3 a5 18. a4 b4 19. Ne2 Be7 20. c3 bxc3 21. Qxc3 Qc7
22. Rac1 Kd7 23. Rc2 Bb4 24. Qf3 Rab8 25. Nc1 Na8 26. h3 Qb6 27. Kg2 Nc7 28.
Nd3 Be7 29. Rc3 Na6 30. Rfc1 Nb4 31. Nxb4 Bxb4 32. Rd3 Rbc8 33. g4 hxg4 34.
hxg4 c5 35. dxc5 Bxc5 36. Rxc5 Rxc5 37. Qe3 Qa6 38. Qxc5 Qxd3 39. Qa7+ Kc8 40.
Qa8+ Kc7 41. Qxa5+ Kb8 42. Qa7+ Kc8 43. Qa8+ Kc7 44. Qxh8 Qe4+ 45. Kg1 Qxf4 46.
Qh4 Kd7 47. Qg3 Qe4 48. Qe3 Qxg4+ 49. Kh2 Ke8 50. a5 g5 51. a6 Qh5+ 52. Kg2
Qg4+ 53. Qg3 Qe4+ 54. Qf3 Qxe5 55. a7 1-0

[Event "NCL978 BCM-Midland Ms"]
[Site "Rd10"]
[Date "1998.05.24"]
[Round "10.4"]
[White "Rowson, Jonathan"]
[Black "Wall, Tim"]
[Result "1-0"]
[WhiteElo "2485"]
[BlackElo "2375"]
[PlyCount "69"]
[EventDate "1998.05.24"]

1. d4 Nf6 2. c4 Nc6 3. Nf3 e6 4. a3 d6 5. Nc3 g6 6. e4 Bg7 7. Be2 O-O 8. O-O
Re8 9. Be3 e5 10. dxe5 dxe5 11. Qxd8 Rxd8 12. Nd5 Nxe4 13. Nxc7 Rb8 14. Rad1
Bf5 15. Nh4 Bd7 16. Bf3 Nf6 17. Bxc6 bxc6 18. Nf3 Ng4 {(Draw offer)} 19. Bc5 e4
20. Na6 Rxb2 21. Ng5 Nf6 22. Rfe1 Re8 23. Nc7 Rc8 24. Bd4 Rc2 25. Bxf6 Rxc7 26.
Nxe4 h6 27. Bd8 Rb7 28. Nc5 Rbb2 29. Rxd7 Rxf2 30. Bc7 Bc3 31. Re8+ Kh7 32. Nd3
Rxg2+ 33. Kh1 Rbd2 34. Rxf7+ Bg7 35. Be5 1-0

[Event "NCL978 BCM-Midland Ms"]
[Site "Rd10"]
[Date "1998.05.24"]
[Round "10.5"]
[White "Bellin, Robert"]
[Black "Arkell, Keith"]
[Result "1/2-1/2"]
[WhiteElo "2365"]
[BlackElo "2445"]
[PlyCount "59"]
[EventDate "1998.05.24"]

1. e4 d5 2. exd5 Nf6 3. Bb5+ Bd7 4. Be2 Nxd5 5. d4 g6 6. h3 Nf6 7. c4 c6 8. Nc3
Bf5 9. Nf3 Ne4 10. Bf4 Bg7 11. Qb3 Qb6 12. g4 Nxc3 13. bxc3 Bc8 14. c5 Qxb3 15.
axb3 Nd7 16. b4 Nf6 17. c4 O-O 18. O-O Be6 19. Ra3 a6 20. Bc7 Rac8 21. Ba5 h6
22. Re3 Rfe8 23. Rd1 g5 24. Kg2 Bh8 25. Kg3 Bg7 26. Nd2 Bd7 27. Nf3 e6 28. Bf1
Kf8 29. Rde1 Re7 30. h4 1/2-1/2

[Event "NCL978 BCM-Midland Ms"]
[Site "Rd10"]
[Date "1998.05.24"]
[Round "10.6"]
[White "Turner, Matthew"]
[Black "Cafferty, Bernard"]
[Result "1-0"]
[WhiteElo "2470"]
[BlackElo "2200"]
[PlyCount "77"]
[EventDate "1998.05.24"]

1. c4 Nf6 2. Nc3 c5 3. g3 g6 4. Bg2 Bg7 5. e4 Nc6 6. Nge2 d6 7. O-O O-O 8. d3
Bd7 9. h3 Ne8 10. f4 Nc7 11. f5 Nd4 12. Nxd4 Bxd4+ 13. Kh2 Bg7 14. Bg5 Rb8 15.
a4 b6 16. Qd2 a6 17. h4 Bc6 18. h5 b5 19. axb5 axb5 20. Nd5 Nxd5 21. cxd5 Bd7
22. Ra7 f6 23. Be3 Ra8 24. Rfa1 Rxa7 25. Rxa7 gxh5 26. Bf3 Be8 27. Qd1 Kh8 28.
Bxh5 Rg8 29. Be2 Bf8 30. Qa1 Qb6 31. b4 Bf7 32. Kh3 Qb8 33. bxc5 dxc5 34. Bf4
Qd8 35. d6 Bb3 36. e5 Qc8 37. d7 Qd8 38. e6 c4 39. Bc7 1-0

[Event "NCL978 BCM-Midland Ms"]
[Site "Rd10"]
[Date "1998.05.24"]
[Round "10.7"]
[White "Edwards, Ray"]
[Black "Collinson, Adam"]
[Result "1/2-1/2"]
[WhiteElo "2080"]
[BlackElo "2400"]
[PlyCount "87"]
[EventDate "1998.05.24"]

1. d4 Nf6 2. c4 g6 3. Nc3 Bg7 4. e4 d6 5. Nf3 O-O 6. Be2 Na6 7. O-O e5 8. Re1
c6 9. Rb1 exd4 10. Nxd4 Re8 11. Bf1 Ng4 12. Nf3 Qb6 13. Be3 Nxe3 14. Rxe3 Bg4
15. Qxd6 Bh6 16. Ree1 Bxf3 17. gxf3 Rad8 18. Qa3 Nb4 19. Qb3 Rd2 20. Re2 Rd3
21. a3 Na6 22. Qxb6 axb6 23. Rc2 Rxf3 24. Rd1 Nc5 25. Bg2 Rd3 26. Rxd3 Nxd3 27.
Ne2 Ne1 28. Rc3 Nxg2 29. Kxg2 Rxe4 30. Kf3 f5 31. Rb3 Re7 32. Rxb6 Rd7 33. a4
Bf8 34. Nf4 Kf7 35. Ke2 Bc5 36. Rb3 g5 37. Nd3 Bd4 38. h3 h5 39. a5 Ke6 40. Ra3
Kd6 41. b4 g4 42. hxg4 fxg4 43. a6 bxa6 44. Rxa6 1/2-1/2

[Event "NCL978 BCM-Midland Ms"]
[Site "Rd10"]
[Date "1998.05.24"]
[Round "10.8"]
[White "Regan, Natasha"]
[Black "Wilman, Carey"]
[Result "1/2-1/2"]
[WhiteElo "2160"]
[BlackElo "2060"]
[PlyCount "123"]
[EventDate "1998.05.24"]

1. e4 d6 2. d4 Nf6 3. Nc3 g6 4. Be3 Bg7 5. Qd2 c6 6. Bh6 Bxh6 7. Qxh6 Qa5 8.
Bd3 Nbd7 9. Nf3 Qh5 10. Qd2 Nf8 11. e5 dxe5 12. dxe5 Ng4 13. O-O-O Ne6 14. Rhe1
Qh6 15. h3 Qxd2+ 16. Rxd2 Nh6 17. g4 Nf4 18. Bf1 O-O 19. Ng5 f6 20. Bc4+ Kh8
21. exf6 exf6 22. Nge4 Nxh3 23. f3 f5 24. Nd6 fxg4 25. Re7 gxf3 26. Nxc8 Raxc8
27. Rdd7 Ng5 28. Ne4 Nhf7 29. Bxf7 Rxf7 30. Nxg5 Rxe7 31. Rxe7 Rf8 32. Rxh7+
Kg8 33. Rh1 Rf5 34. Ne4 g5 35. Nf2 Kg7 36. Re1 Rf7 37. Re4 Kg6 38. Kd2 Kh5 39.
Ke3 b6 40. Rg4 Re7+ 41. Re4 Rf7 42. Ng4 Rf5 43. Kf2 Rc5 44. Ne3 g4 45. Rxg4
Rxc2+ 46. Nxc2 Kxg4 47. Nd4 c5 48. Nxf3 Kf4 49. Ke2 Ke4 50. Ng5+ Kd4 51. Kd2 b5
52. Kc2 a5 53. Nf3+ Kd5 54. b3 c4 55. Nd2 cxb3+ 56. Kxb3 Kd4 57. a3 Kc5 58.
Ne4+ Kd4 59. Nf6 Kc5 60. Nd7+ Kc6 61. Nb8+ Kc7 62. Na6+ 1/2-1/2

[Event "NCL978 Invicta Kts-Richmond"]
[Site "Rd10"]
[Date "1998.05.24"]
[Round "10.1"]
[White "Sadler, Matthew"]
[Black "Bates, Richard"]
[Result "1/2-1/2"]
[WhiteElo "2650"]
[BlackElo "2430"]
[PlyCount "65"]
[EventDate "1998.05.24"]

1. d4 Nf6 2. c4 g6 3. Nc3 Bg7 4. e4 d6 5. f3 O-O 6. Bg5 c5 7. d5 h6 8. Be3 e6
9. Qd2 exd5 10. cxd5 a6 11. Rc1 b5 12. b3 Nh7 13. Bd3 Nd7 14. Nge2 Ne5 15. Bb1
Qh4+ 16. Ng3 Bd7 17. O-O b4 18. Nce2 Bb5 19. h3 c4 20. Bd4 Rac8 21. Qe3 Rfe8
22. Rcd1 Nf6 23. f4 Ned7 24. Qf3 cxb3 25. axb3 Nh5 26. Nxh5 Qxh5 27. g4 Bxe2
28. Qg3 Bxd4+ 29. Rxd4 Rc3 30. Qxc3 Qh4 31. Qe1 Qf6 32. e5 Bxf1 33. Qxf1
1/2-1/2

[Event "NCL978 Invicta Kts-Richmond"]
[Site "Rd10"]
[Date "1998.05.24"]
[Round "10.3"]
[White "McDonald, Neil"]
[Black "Hinks-Edwards, Tom"]
[Result "1/2-1/2"]
[WhiteElo "2485"]
[BlackElo "2260"]
[PlyCount "45"]
[EventDate "1998.05.24"]

1. e4 Nf6 2. e5 Nd5 3. g3 d6 4. exd6 Qxd6 5. Bg2 c5 6. Nc3 Nxc3 7. bxc3 Nc6 8.
Ne2 e6 9. d4 cxd4 10. cxd4 Be7 11. O-O O-O 12. Rb1 Rd8 13. c3 b6 14. c4 Bb7 15.
Be3 Na5 16. Bxb7 Nxb7 17. c5 Qc6 18. cxb6 axb6 19. Qb3 Nd6 {(Draw offer)} 20.
d5 Qxd5 21. Bxb6 Rdc8 22. Qxd5 exd5 23. Nf4 1/2-1/2

[Event "NCL978 Invicta Kts-Richmond"]
[Site "Rd10"]
[Date "1998.05.24"]
[Round "10.4"]
[White "Williams, Simon"]
[Black "Ledger, Andrew"]
[Result "1-0"]
[WhiteElo "2315"]
[BlackElo "2460"]
[PlyCount "49"]
[EventDate "1998.05.24"]

1. c4 c6 2. Nc3 d5 3. cxd5 cxd5 4. d4 Nc6 5. Bf4 e5 6. Bxe5 Nxe5 7. dxe5 d4 8.
Ne4 Qa5+ 9. Nd2 Ne7 10. Ngf3 Nc6 11. a3 Be6 12. g3 Rd8 13. Bg2 Qb5 14. O-O Qxb2
15. Ng5 d3 16. Nxe6 fxe6 17. Rb1 dxe2 {#} 18. Qxe2 Qxd2 19. Qg4 Nd4 20. Rxb7 g6
21. Qh4 Bc5 22. Be4 Rf8 23. Qxh7 Ne2+ 24. Kh1 Rd7 25. Rb8+ 1-0

[Event "NCL978 Invicta Kts-Richmond"]
[Site "Rd10"]
[Date "1998.05.24"]
[Round "10.5"]
[White "Gormally, Danny"]
[Black "Wall, Gavin"]
[Result "1/2-1/2"]
[WhiteElo "2415"]
[BlackElo "2320"]
[PlyCount "46"]
[EventDate "1998.05.24"]

1. d4 f5 2. Nf3 g6 3. h4 Nf6 4. h5 Nxh5 5. Rxh5 gxh5 6. e4 Bg7 7. Nh4 e6 8.
Qxh5+ Kf8 9. exf5 Nc6 10. c3 Qe8 11. Qf3 exf5+ 12. Be3 Qe4 13. Qxf5+ Qxf5 14.
Nxf5 d5 15. Bd3 Ne7 16. Nxg7 Kxg7 17. Bf4 Re8 18. Bxc7 Bf5 19. Bxf5 Nxf5+ 20.
Be5+ Kg6 21. Nd2 h5 22. O-O-O Re6 23. Rg1 Nh6 1/2-1/2

[Event "NCL978 Invicta Kts-Richmond"]
[Site "Rd10"]
[Date "1998.05.24"]
[Round "10.6"]
[White "Franklin, Michael"]
[Black "Flear, Glenn"]
[Result "0-1"]
[WhiteElo "2195"]
[BlackElo "2445"]
[PlyCount "110"]
[EventDate "1998.05.24"]

1. c4 e6 2. Nc3 d5 3. e3 Nf6 4. Nf3 a6 5. cxd5 exd5 6. d4 Bf5 7. Be2 Bd6 8. O-O
O-O 9. Ne5 c5 10. b3 Re8 11. Bb2 cxd4 12. exd4 Nbd7 13. f4 Rc8 14. Bd3 Bxd3 15.
Qxd3 Bb4 16. Ne2 Ne4 17. a3 Bd6 18. Rac1 Qe7 19. b4 f6 20. Nxd7 Qxd7 21. Rxc8
Rxc8 22. Rc1 Re8 23. Rc2 Qf5 24. Bc1 g5 25. Qh3 Qxh3 26. gxh3 Kf7 27. Kg2 Ke6
28. Kf3 Kd7 29. Ng3 Nxg3 30. hxg3 gxf4 31. gxf4 f5 32. Be3 Rg8 33. Bf2 Rg6 34.
Be3 Be7 35. Bf2 Rc6 36. Ra2 Rc3+ 37. Be3 Rb3 38. Ke2 Bf6 39. Kd2 h5 40. Ke2 b6
41. Kd2 Be7 42. Ke2 Bh4 43. Kd2 Kc6 44. Ke2 Kb5 45. a4+ Kc4 46. a5 b5 47. Rc2+
Rc3 48. Rb2 Be7 49. Bd2 Rxh3 50. Rc2+ Kxd4 51. Rc6 Rh2+ 52. Kd1 h4 53. Re6 Bf8
54. Re8 Bg7 55. Re7 Rg2 0-1

[Event "NCL978 Invicta Kts-Richmond"]
[Site "Rd10"]
[Date "1998.05.24"]
[Round "10.7"]
[White "Ivanov, Alexei"]
[Black "Phillips, Roy"]
[Result "1-0"]
[WhiteElo "2440"]
[BlackElo "2230"]
[PlyCount "57"]
[EventDate "1998.05.24"]

1. e4 g6 2. d4 Bg7 3. Nf3 c5 4. dxc5 Qa5+ 5. Nc3 Nf6 6. e5 Ne4 7. Qd4 Nxc3 8.
Bd2 Nb5 9. Qh4 Qc7 10. Bxb5 a6 11. Ba4 a5 12. O-O Na6 13. Bh6 Bxh6 14. Qxh6
Nxc5 15. Qg7 Rf8 16. Ng5 h6 17. Nh7 Ne6 18. Qxh6 Rg8 19. Rfe1 g5 20. Rad1 Ra6
21. Bb5 Rb6 22. a4 Nf4 {#} 23. Rd6 Ne6 24. h4 exd6 25. Nf6+ Kd8 26. Nd5 Ke8 27.
Nxc7+ Nxc7 28. exd6+ Ne6 29. Rxe6+ 1-0

[Event "NCL978 Northumbria-Bristol"]
[Site "Rd10"]
[Date "1998.05.24"]
[Round "10.1"]
[White "Lawton, Geoff"]
[Black "Ansell, Simon"]
[Result "0-1"]
[WhiteElo "2395"]
[BlackElo "2380"]
[PlyCount "80"]
[EventDate "1998.05.24"]

1. d4 d5 2. Nf3 Nf6 3. Bg5 e6 4. c3 Be7 5. Nbd2 b6 6. e3 Bb7 7. Bd3 Nbd7 8. O-O
h6 9. Bh4 Ne4 10. Bxe7 Qxe7 11. Qc2 Nxd2 12. Qxd2 e5 13. Bf5 e4 14. Bxd7+ Qxd7
15. Ne5 Qe6 16. f4 exf3 17. Rxf3 f6 18. Ng6 Rg8 19. a4 O-O-O 20. a5 Qe4 21. Rg3
Kb8 22. axb6 axb6 23. h3 Rge8 24. Kh2 Bc8 25. b3 Rd6 26. c4 dxc4 27. bxc4 Bb7
28. Qa2 h5 29. Qa7+ Kc8 30. Ra3 Qc2 31. Qa4 Qxa4 32. Rxa4 Be4 33. Nf4 g5 34.
Nxh5 Bg6 35. Nxf6 Rxf6 36. Ra8+ Kd7 37. Rxe8 Kxe8 38. Rxg5 Bd3 39. c5 b5 40. e4
b4 0-1

[Event "NCL978 Northumbria-Bristol"]
[Site "Rd10"]
[Date "1998.05.24"]
[Round "10.2"]
[White "Baker, Chris W"]
[Black "Ledger, David"]
[Result "1-0"]
[WhiteElo "2340"]
[BlackElo "2255"]
[PlyCount "71"]
[EventDate "1998.05.24"]

1. e4 e5 2. Nc3 Nc6 3. f4 d6 4. Nf3 Nf6 5. Bc4 Be7 6. d3 Bg4 7. O-O Nd4 8. fxe5
Bxf3 9. gxf3 dxe5 10. f4 exf4 11. Bxf4 O-O 12. Kh1 c6 13. a4 Qd7 14. Rg1 Rad8
15. Be5 Qh3 16. Rg3 Qh6 17. Ne2 Ne6 18. Qf1 Nd7 19. Bc3 Bd6 20. Rh3 Qg6 21. Qf2
Ng5 22. Rh4 Ne5 23. Bxe5 Bxe5 24. Rf1 Rd6 25. Ng3 Bxg3 26. Qxg3 Rf6 27. Rg1 Nf3
28. Rg4 Nxg1 29. Rxg6 Rxg6 30. Qe3 b6 31. d4 h6 32. Bf1 f5 33. exf5 Rxf5 34.
Bd3 Rff6 35. Bxg6 Rxg6 36. c4 1-0

[Event "NCL978 Northumbria-Bristol"]
[Site "Rd10"]
[Date "1998.05.24"]
[Round "10.3"]
[White "Pert, Nicholas"]
[Black "Beaumont, Chris"]
[Result "1/2-1/2"]
[WhiteElo "2320"]
[BlackElo "2335"]
[PlyCount "41"]
[EventDate "1998.05.24"]

1. d4 Nf6 2. Nf3 g6 3. g3 Bg7 4. Bg2 O-O 5. O-O d5 6. c4 dxc4 7. Na3 c5 8. Nxc4
Be6 9. Nfe5 cxd4 10. Bxb7 Nbd7 11. Bf4 Nxe5 12. Nxe5 Rb8 13. Bf3 Rxb2 14. Nc6
Qd7 15. Be5 Rxa2 16. Qxd4 Rxa1 17. Rxa1 Re8 18. Rxa7 Qxd4 {(Draw offer)} 19.
Bxd4 Nd7 20. Kg2 Bf6 21. Bxf6 1/2-1/2

[Event "NCL978 Northumbria-Bristol"]
[Site "Rd10"]
[Date "1998.05.24"]
[Round "10.5"]
[White "Richardson, John"]
[Black "Copeland, Graham"]
[Result "1-0"]
[WhiteElo "2315"]
[BlackElo "2330"]
[PlyCount "67"]
[EventDate "1998.05.24"]

1. d4 Nf6 2. c4 e6 3. Nc3 Bb4 4. e3 c5 5. a3 Bxc3+ 6. bxc3 Nc6 7. Nf3 d6 8. Bd3
e5 9. e4 h6 10. d5 Ne7 11. Nh4 Ng6 12. Nf5 Bxf5 13. exf5 e4 14. fxg6 exd3 15.
gxf7+ Kxf7 16. O-O Re8 17. Qxd3 Qe7 18. f3 Qe2 19. Qxe2 Rxe2 20. Bf4 Rc2 21.
Bxd6 Rxc3 22. Rfc1 Rxc1+ 23. Rxc1 b6 24. Re1 Re8 25. Rxe8 Kxe8 26. Be5 Ke7 27.
a4 Ne8 28. Kf2 a6 29. Ke3 g6 30. g4 g5 31. f4 gxf4+ 32. Kxf4 Nd6 33. Bxd6+ Kxd6
34. Ke4 1-0

[Event "NCL978 Northumbria-Bristol"]
[Site "Rd10"]
[Date "1998.05.24"]
[Round "10.6"]
[White "Collier, David"]
[Black "Waters, Clive"]
[Result "1-0"]
[WhiteElo "2230"]
[BlackElo "2180"]
[PlyCount "117"]
[EventDate "1998.05.24"]

1. d4 Nf6 2. Bg5 e6 3. e3 c5 4. Nf3 h6 5. Bh4 Be7 6. Bd3 O-O 7. O-O cxd4 8.
exd4 Nc6 9. c3 b6 10. Nbd2 Bb7 11. Qe2 Nd5 12. Bg3 d6 13. Rad1 Qd7 14. Rfe1
Rfe8 15. a3 Bf8 16. c4 Nde7 17. b4 Nf5 18. Nb3 Nxg3 19. hxg3 Ne7 20. Nfd2 a5
21. b5 a4 22. Na1 e5 23. d5 f5 24. f3 g5 25. Nc2 Bg7 26. g4 e4 27. fxe4 f4 28.
Rf1 Ng6 29. e5 Rxe5 30. Qf2 Nh4 31. Nf3 Nxf3+ 32. gxf3 Qc7 33. Rfe1 Rae8 34.
Kf1 Bc8 35. Qh2 Re3 36. Nxe3 fxe3 37. Qh5 Qe7 38. Qg6 Qe5 39. Re2 Re7 40. Kg2
Qf4 41. Rf1 Kf8 42. Bf5 Bxf5 43. Qxf5+ Qxf5 44. gxf5 Bd4 45. Rd1 Bc5 46. Rh1
Kg7 47. Kg3 Kf6 48. Kg4 Ke5 49. Rxh6 Kd4 50. Re6 Rf7 51. R2xe3 Kxc4 52. R6e4+
Kxb5 53. Rd3 Bf2 54. Kxg5 Rg7+ 55. Kf6 Rh7 56. Kg6 Rh4 57. f6 Rxe4 58. fxe4 Bh4
59. Rh3 1-0

[Event "NCL978 Northumbria-Bristol"]
[Site "Rd10"]
[Date "1998.05.24"]
[Round "10.7"]
[White "Ledger, Stephen"]
[Black "Rudd, Jack"]
[Result "1/2-1/2"]
[WhiteElo "2225"]
[BlackElo "2165"]
[PlyCount "56"]
[EventDate "1998.05.24"]

1. d4 Nf6 2. Nf3 c5 3. d5 e6 4. c4 exd5 5. cxd5 d6 6. Nc3 g6 7. e4 Bg7 8. Bd3
O-O 9. O-O Na6 10. Re1 Nc7 11. h3 Rb8 12. a4 b6 13. Bf4 a6 14. Qc2 b5 15. axb5
axb5 16. Bxd6 Qxd6 17. e5 Qd8 18. d6 Nfd5 19. dxc7 Nxc7 20. Be4 Be6 21. Red1
Qe7 22. Ra7 c4 23. Qe2 Qc5 24. Qe3 Qxe3 25. fxe3 Rfc8 26. Bb7 Re8 27. Bc6 Rec8
28. Bb7 Re8 1/2-1/2

[Event "NCL978 NW Eagles-Wood Green"]
[Site "Rd10"]
[Date "1998.05.24"]
[Round "10.1"]
[White "Littlewood, John"]
[Black "Ward, Chris"]
[Result "0-1"]
[WhiteElo "2290"]
[BlackElo "2480"]
[PlyCount "152"]
[EventDate "1998.05.24"]

1. e4 c5 2. d3 Nc6 3. g3 g6 4. Bg2 Bg7 5. Nf3 e5 6. c3 Nge7 7. a3 d6 8. b4 h6
9. O-O O-O 10. Nbd2 Be6 11. Re1 Qd7 12. Bb2 a6 13. Rb1 Rad8 14. Nb3 b6 15. d4
exd4 16. cxd4 Bxb3 17. Qxb3 Nxd4 18. Nxd4 cxd4 19. Qd3 b5 20. f4 Nc6 21. Rbc1
Rc8 22. Rc2 Rc7 23. Rec1 Rfc8 24. h4 Nd8 25. Rxc7 Rxc7 26. Rxc7 Qxc7 27. Bxd4
Bxd4+ 28. Qxd4 Ne6 29. Qe3 Qc2 30. Bf1 Qb2 31. Be2 Nd4 32. Bd1 h5 33. Qd3 Kg7
34. Kf1 Kf6 35. Ke1 Ke7 36. Qd2 Qa1 37. Kf2 Ne6 38. Qd3 Qb2+ 39. Kg1 Nd4 40.
Qe3 Qa1 41. Qd3 {(Draw offer)} f5 42. Kf2 fxe4 43. Qxe4+ Kf6 44. Qd3 Qb2+ 45.
Ke1 Nf5 46. Bf3 Qh2 47. Qc3+ Ke7 48. Be4 Qg1+ 49. Kd2 Qf2+ 50. Kc1 Qxg3 51.
Qc7+ Kf6 52. Qd8+ Kg7 53. Qd7+ Kh6 54. Bxf5 Qxf4+ 55. Kd1 Qd4+ 56. Kc2 Qf2+ 57.
Kc3 Qe1+ 58. Kc2 Qe2+ 59. Kc1 Qf1+ 60. Kb2 Qxf5 61. Qxd6 Qf2+ 62. Kb1 Qe1+ 63.
Kb2 Qe2+ 64. Kc1 Qe3+ 65. Kb2 Kg7 66. Qxa6 Qf2+ 67. Kc3 Qxh4 68. Qxb5 Qg3+ 69.
Kc4 Qf4+ 70. Kb3 h4 71. Qc6 Qe3+ 72. Kb2 h3 73. b5 Qf2+ 74. Kb3 h2 75. b6 Qf1
76. Qc3+ Qf6 0-1

[Event "NCL978 NW Eagles-Wood Green"]
[Site "Rd10"]
[Date "1998.05.24"]
[Round "10.2"]
[White "Levitt, Jon"]
[Black "Tebb, David"]
[Result "1/2-1/2"]
[WhiteElo "2425"]
[BlackElo "2260"]
[PlyCount "62"]
[EventDate "1998.05.24"]

1. d4 Nf6 2. c4 c5 3. d5 b5 4. cxb5 a6 5. b6 e6 6. Nc3 Nxd5 7. Nxd5 exd5 8.
Qxd5 Nc6 9. Nf3 Be7 10. e4 Rb8 11. Bc4 O-O 12. O-O Rxb6 13. Qh5 Qe8 14. e5 Bd8
15. Re1 Nb4 16. Re2 Bb7 17. Be3 Bxf3 18. Qxf3 Qxe5 19. Bg5 {#} Qxe2 20. Qxe2
Bxg5 21. Qe5 Bf6 22. Qxc5 Rbb8 23. Qd6 Nc2 24. Rd1 Rxb2 25. Qxa6 d5 26. Bb3 Nd4
27. Bxd5 Ne2+ 28. Kf1 Nc3 29. Bxf7+ Rxf7 30. Re1 Rf8 31. a4 Kh8 1/2-1/2

[Event "NCL978 NW Eagles-Wood Green"]
[Site "Rd10"]
[Date "1998.05.24"]
[Round "10.3"]
[White "Lund, Brett"]
[Black "Martin, Andrew"]
[Result "0-1"]
[WhiteElo "2255"]
[BlackElo "2445"]
[PlyCount "132"]
[EventDate "1998.05.24"]

1. g3 d5 2. Bg2 c6 3. f4 g6 4. Nf3 Bg7 5. d3 Qb6 6. c3 Nf6 7. Qb3 O-O 8. Nbd2
Na6 9. Qxb6 axb6 10. h3 Nc5 11. a3 Ne8 12. d4 Na4 13. e4 dxe4 14. Nxe4 Nd6 15.
Nfd2 b5 16. O-O Be6 17. g4 Rfd8 18. Nxd6 Rxd6 19. f5 Bd5 20. Ne4 Bxe4 21. Bxe4
Nb6 22. Bf4 Rd7 23. Rae1 Nc4 24. Bc1 gxf5 25. Bxf5 Rc7 26. Bf4 Nd6 27. Re2 Rd8
28. h4 e6 29. Bb1 Rcd7 30. Rfe1 Nc4 31. g5 Bf8 32. h5 c5 33. g6 cxd4 34. gxh7+
Kh8 35. Rg2 d3 36. Bg5 Be7 37. Bxe7 Rxe7 38. b3 Nxa3 39. Rg8+ Rxg8+ 40. hxg8=Q+
Kxg8 41. Bxd3 Rd7 42. Re3 Kg7 43. Be2 b4 44. cxb4 Nc2 45. Rg3+ Kh6 46. Rg8 Nxb4
47. Rh8+ Kg7 48. Rc8 Nd3 49. Rb8 Nf4 50. Kf1 Nxe2 51. Kxe2 f5 52. Ke3 e5 53.
Re8 Kf6 54. Rg8 Rg7 55. Rf8+ Kg5 56. b4 Rc7 57. h6 Rc3+ 58. Kf2 Rh3 59. Rf7
Rxh6 60. Rxb7 Kf4 61. b5 Rh2+ 62. Kg1 Rb2 63. b6 e4 64. Rb8 Kf3 65. b7 f4 66.
Kh1 e3 0-1

[Event "NCL978 NW Eagles-Wood Green"]
[Site "Rd10"]
[Date "1998.05.24"]
[Round "10.4"]
[White "Pein, Malcolm"]
[Black "James, Dale"]
[Result "1-0"]
[WhiteElo "2435"]
[BlackElo "2225"]
[PlyCount "65"]
[EventDate "1998.05.24"]

1. d4 Nf6 2. c4 g6 3. Nc3 d5 4. cxd5 Nxd5 5. e4 Nxc3 6. bxc3 Bg7 7. Nf3 c5 8.
Rb1 Nc6 9. d5 Ne5 10. Nxe5 Bxe5 11. Qd2 Qa5 12. Bb5+ Kf8 13. Rb3 a6 14. Be2 b5
15. f4 Bg7 16. O-O Bd7 17. Ra3 Qb6 18. c4 b4 19. Rd3 Bc3 20. Rxc3 bxc3 21. Qxc3
Rg8 22. Qg3 f5 23. e5 Rb8 24. Ba3 Kg7 25. e6 Ba4 26. Qc3+ Kf8 27. Qe3 Rc8 28.
Qc3 Rb8 29. Bd3 Qc7 30. Bb2 g5 31. Bxf5 gxf4 32. Bxh7 Rxb2 33. Bxg8 1-0